000 00629nas a2200217 4500
001 BR9505265
003 BR-BrBNA
005 20231205094200.0
007 ta
008 230509b bl.|||p| |||| 00| 00por d
040 _aBR-BrBNA
_bpor
_cBiblioteca Nacional de Agricultura
041 _a(Pt)
072 _aL10
100 1 _aBriquet Junior, R.
245 1 _aA questao das femeas provadas
650 _aVaca Leiteira
650 _aMelhoramento Genetico Animal
773 0 _tZootecnia (Brazil)
_xISSN 0044-5320
_g(Jul-Sep 1968), v. 6(3) p. 21-23
_wBR9505265
909 _a202311
_bLúcia
_c55
_dLúcia Elande
942 _2AGRIS
_n0
_cANA
999 _c142617
_d142617